[Event "Olympiad Women 2024"]
[Site "Budapest HUN"]
[Date "2024.09.18"]
[Round "7.10"]
[White "Omonova, Umida"]
[Black "Avramidou, Anastasia"]
[Result "1-0"]
[WhiteElo "2032"]
[BlackElo "2290"]
[TimeControl "40/5400+30:1800+30\""]
[EventDate "2024.09.11"]
[Board "2"]
[WhiteFideId "14210363"]
[BlackFideId "4239873"]
[WhiteTeam "Uzbekistan"]
[BlackTeam "Greece"]

1. e4 c6 2. d4 d5 3. Nd2 dxe4 4. Nxe4 Nf6 5. Nxf6+ exf6 6. Be3 Bd6 7. Bd3
Na6 8. a3 O-O 9. Ne2 Re8 10. Qd2 Bg4 11. O-O Nc7 12. c4 Bxe2 13. Qxe2 g6
14. Qd2 f5 15. f4 Bf8 16. Rad1 Bg7 17. Bc2 b5 18. cxb5 Nxb5 19. Bf2 Qd5 20.
Qb4 Rab8 21. Qa4 Nd6 22. b4 Nb5 23. Bb3 Qe4 24. Qa5 Qxf4 25. d5 Be5 26. g3
Qf3 27. Bc4 Qc3 28. Rc1 Qxa3 29. dxc6 Bc7 30. Qxa3 Nxa3 31. Bd5 Rxb4 32.
Rfe1 Rxe1+ 33. Rxe1 Bd6 34. Re8+ Kg7 35. Rd8 Nb5 36. Rd7 Kf6 37. Bxf7 Rb1+
38. Kg2 Ke5 39. Be3 Kf6 40. Bc4 f4 41. gxf4 Be7 42. c7 Nxc7 43. Bd4+ Kf5
44. Rxe7 Rd1 45. Kf3 g5 46. Rf7+ Kg6 47. f5+ Kh6 48. Rf6+ Kg7 49. Rd6+ Kf8
50. Bg7+ 1-0

[Event "Olympiad Women 2024"]
[Site "Budapest HUN"]
[Date "2024.09.18"]
[Round "7.10"]
[White "Pavlidou, Ekaterini"]
[Black "Malikova, Marjona"]
[Result "1/2-1/2"]
[WhiteElo "2141"]
[BlackElo "2083"]
[TimeControl "40/5400+30:1800+30\""]
[EventDate "2024.09.11"]
[Board "3"]
[WhiteFideId "4213262"]
[BlackFideId "14212463"]
[WhiteTeam "Greece"]
[BlackTeam "Uzbekistan"]

1. d4 Nf6 2. c4 e6 3. Nf3 d5 4. Nc3 c5 5. cxd5 Nxd5 6. e4 Nxc3 7. bxc3 cxd4
8. cxd4 Bb4+ 9. Bd2 Bxd2+ 10. Qxd2 O-O 11. Bb5 b6 12. h4 Bb7 13. Qe3 a6 14.
Bd3 Nc6 15. Rd1 Rc8 16. a3 Na5 17. Qe2 b5 18. Kf1 Rc3 19. d5 h6 20. Rh3
exd5 21. e5 Kh8 22. Nd4 Bc8 23. e6 fxe6 24. Nxe6 Bxe6 25. Qxe6 Rf6 26. Qe5
Rxa3 27. Rf3 Nc6 28. Qb2 Ra4 29. Rxf6 Qxf6 30. Qe2 Ne7 31. Re1 Rxh4 32. Kg1
Ng8 33. g3 Ra4 34. Bb1 Qc3 35. Rd1 Qc5 36. Qd3 Nf6 37. Qf5 Rc4 38. Kg2 b4
39. Re1 Qc8 40. Re6 Kg8 41. Rxf6 gxf6 42. Qg6+ Kf8 43. Qxf6+ Kg8 44. Qg6+
Kf8 45. Qf6+ Kg8 46. Qg6+ Kf8 47. Qf6+ 1/2-1/2

[Event "Olympiad Women 2024"]
[Site "Budapest HUN"]
[Date "2024.09.18"]
[Round "7.10"]
[White "Nadirjanova, Nodira"]
[Black "Markantonaki, Haritomeni"]
[Result "1-0"]
[WhiteElo "2059"]
[BlackElo "2179"]
[TimeControl "40/5400+30:1800+30\""]
[EventDate "2024.09.11"]
[Board "4"]
[WhiteFideId "14201232"]
[BlackFideId "4207050"]
[WhiteTeam "Uzbekistan"]
[BlackTeam "Greece"]

1. d4 Nf6 2. c4 e6 3. Nc3 Bb4 4. e3 O-O 5. Bd3 d5 6. a3 Bxc3+ 7. bxc3 dxc4
8. Bxc4 c5 9. Nf3 Qc7 10. Be2 b6 11. O-O Nc6 12. dxc5 bxc5 13. c4 Rb8 14.
Qc2 Ba6 15. Bb2 Qe7 16. Ng5 e5 17. f4 h6 18. fxe5 hxg5 19. exf6 Qxe3+ 20.
Kh1 g6 21. Rad1 Nd4 22. Bxd4 cxd4 23. Bd3 g4 24. Bxg6 Qh6 25. Be4 Rb6 26.
Rxd4 Rxf6 27. Bf5 Re8 28. Rxg4+ Kf8 29. Qc3 Bc8 30. Qb4+ Re7 31. Re1 Be6
32. Qb8+ Re8 33. Qd6+ Re7 34. Qg3 Qh8 35. Bxe6 Rfxe6 36. Rd1 Re8 37. h3 Re3
38. Qd6+ R8e7 39. Qb8+ Re8 40. Qb4+ R3e7 41. Re4 Qf6 42. Rde1 a5 43. Qc5 a4
44. Rxe7 Rxe7 45. Qxe7+ Qxe7 46. Rxe7 Kxe7 47. h4 1-0

[Event "Olympiad Women 2024"]
[Site "Budapest HUN"]
[Date "2024.09.18"]
[Round "7.11"]
[White "Zhu, Jiner"]
[Black "Ryjanova, Julia"]
[Result "1-0"]
[WhiteElo "2487"]
[BlackElo "2255"]
[TimeControl "40/5400+30:1800+30\""]
[EventDate "2024.09.11"]
[Board "1"]
[WhiteFideId "8608059"]
[BlackFideId "4127714"]
[WhiteTeam "China"]
[BlackTeam "Australia"]

1. e4 c5 2. Nf3 Nc6 3. d4 cxd4 4. Nxd4 Qb6 5. Nb3 Nf6 6. Nc3 e6 7. a3 Qc7
8. Be3 a6 9. f4 d6 10. g4 d5 11. e5 Nd7 12. g5 b5 13. Ne2 Bb7 14. Ned4 Nxd4
15. Nxd4 Nc5 16. h4 Be7 17. Bd3 Rc8 18. Rh2 b4 19. axb4 Nxd3+ 20. Qxd3
Bxb4+ 21. c3 Be7 22. h5 Rb8 23. Qc2 Bc8 24. Kf2 O-O 25. Nf3 Qc4 26. Kg3 Bd7
27. Bd4 Bb5 28. Rd2 Qc7 29. Nh2 Kh8 30. Ng4 Bc4 31. Rh1 Bb3 32. Qb1 Bc5 33.
f5 exf5 34. Qxf5 Qc8 35. Qf4 Bxd4 36. h6 Qe6 37. hxg7+ Kxg7 38. cxd4 Qg6
39. Rh6 Qe4 40. Qf6+ Kg8 41. Rh1 h5 42. Rxh5 Qe1+ 43. Rf2 Qg1+ 44. Rg2 Qe1+
45. Kh2 1-0

[Event "Olympiad Women 2024"]
[Site "Budapest HUN"]
[Date "2024.09.18"]
[Round "7.11"]
[White "Nguyen, Thu Giang"]
[Black "Song, Yuxin"]
[Result "0-1"]
[WhiteElo "2068"]
[BlackElo "2373"]
[TimeControl "40/5400+30:1800+30\""]
[EventDate "2024.09.11"]
[Board "2"]
[WhiteFideId "12400980"]
[BlackFideId "8614300"]
[WhiteTeam "Australia"]
[BlackTeam "China"]

1. e4 c5 2. Nf3 d6 3. Bb5+ Bd7 4. Bxd7+ Nxd7 5. c4 e6 6. d4 cxd4 7. Nxd4
Rc8 8. O-O Rc7 9. c5 Rxc5 10. Na3 Rc8 11. Ndb5 Nc5 12. Nxa7 Ra8 13. N7b5
Nxe4 14. Qc2 Nc5 15. Rd1 Nf6 16. Bg5 Be7 17. Nxd6+ Bxd6 18. Bxf6 gxf6 19.
Nb5 Bxh2+ 20. Kxh2 Qb6 21. Qc4 Na6 22. b4 Ke7 23. a4 Rhd8 24. Qe4 Nc7 25.
Nc3 Qxf2 26. Qxb7 Qf4+ 27. Kh1 Rxd1+ 28. Nxd1 Qh4+ 29. Kg1 Qd4+ 30. Kh2
Qe5+ 31. Kg1 Qxa1 32. Qxc7+ Kf8 33. Qd6+ Kg7 34. a5 Qe5 35. Qd2 Rb8 36. Ne3
Qf4 37. a6 Rxb4 38. Qf2 Qxf2+ 39. Kxf2 Ra4 0-1

[Event "Olympiad Women 2024"]
[Site "Budapest HUN"]
[Date "2024.09.18"]
[Round "7.11"]
[White "Guo, Qi"]
[Black "Shen, Zhiyuan"]
[Result "1-0"]
[WhiteElo "2367"]
[BlackElo "1969"]
[TimeControl "40/5400+30:1800+30\""]
[EventDate "2024.09.11"]
[Board "3"]
[WhiteFideId "8604002"]
[BlackFideId "8608482"]
[WhiteTeam "China"]
[BlackTeam "Australia"]

1. d4 Nf6 2. c4 g6 3. Nc3 Bg7 4. e4 d6 5. Nf3 O-O 6. Be2 e5 7. O-O Bg4 8.
d5 a5 9. Bg5 Qe8 10. Ne1 Bd7 11. b3 Na6 12. Nd3 b6 13. a3 Nc5 14. Nxc5 bxc5
15. Rb1 h6 16. Be3 Rb8 17. Rb2 Qe7 18. Qd2 Kh7 19. Rfb1 Ne8 20. b4 cxb4 21.
axb4 axb4 22. Rxb4 Rc8 23. Rb7 f5 24. f3 Nf6 25. c5 fxe4 26. fxe4 dxc5 27.
Ra7 Bg4 28. d6 Qd8 29. Bxg4 Nxg4 30. dxc7 Qh4 31. h3 Nxe3 32. Qxe3 Bf6 33.
Qe1 Rf7 34. Nd5 Qh5 35. Qf2 Kg7 36. Rf1 Qg5 37. Ra6 Rcf8 38. Rxf6 Rxf6 39.
Nxf6 c4 40. Nh5+ 1-0

[Event "Olympiad Women 2024"]
[Site "Budapest HUN"]
[Date "2024.09.18"]
[Round "7.11"]
[White "Vincent, Alaina"]
[Black "Lu, Miaoyi"]
[Result "0-1"]
[WhiteElo "1976"]
[BlackElo "2438"]
[TimeControl "40/5400+30:1800+30\""]
[EventDate "2024.09.11"]
[Board "4"]
[WhiteFideId "46608931"]
[BlackFideId "8618020"]
[WhiteTeam "Australia"]
[BlackTeam "China"]

1. e4 e5 2. Nf3 Nc6 3. Bc4 Nf6 4. d3 h6 5. c3 d6 6. Bb3 g5 7. Be3 Bg7 8.
Nbd2 g4 9. Ng1 d5 10. Ne2 Be6 11. Ba4 Qd6 12. b4 Nd7 13. a3 a6 14. Rc1 h5
15. Bb3 f5 16. exf5 Bxf5 17. Nf1 O-O-O 18. Ba4 Rde8 19. Nfg3 Bg6 20. c4 d4
21. Bg5 e4 22. Nxe4 Bxe4 23. dxe4 Qe5 24. Qd2 Qxe4 25. Kf1 d3 26. Ng3 Qg6
27. Bxc6 bxc6 28. b5 h4 29. bxc6 Nb8 30. Rb1 Nxc6 31. Qf4 hxg3 32. Qxg4+
Qe6 33. Qxe6+ Rxe6 34. fxg3 Rf8+ 35. Bf4 Bh6 36. h3 Bxf4 37. gxf4 Rxf4+ 38.
Kg1 d2 39. Kh2 Nd4 40. Rbd1 Re2 41. c5 Rff2 42. Kg3 Nf5+ 43. Kg4 Ne3+ 0-1

[Event "Olympiad Women 2024"]
[Site "Budapest HUN"]
[Date "2024.09.18"]
[Round "7.12"]
[White "Rogule, Laura"]
[Black "Yao, Lan"]
[Result "0-1"]
[WhiteElo "2248"]
[BlackElo "2353"]
[TimeControl "40/5400+30:1800+30\""]
[EventDate "2024.09.11"]
[Board "1"]
[WhiteFideId "11601876"]
[BlackFideId "8610835"]
[WhiteTeam "Latvia"]
[BlackTeam "England"]

1. Nf3 d5 2. c4 e6 3. g3 Nf6 4. Bg2 Be7 5. O-O O-O 6. b3 d4 7. e3 c5 8.
exd4 cxd4 9. d3 Nc6 10. Re1 Re8 11. Ba3 a5 12. Bxe7 Qxe7 13. Ne5 Nxe5 14.
Rxe5 Qc7 15. Re1 e5 16. Nd2 Bg4 17. Bf3 h5 18. Bxg4 hxg4 19. Qe2 Qd7 20.
Rab1 Ra6 21. a3 Nh7 22. f3 gxf3 23. Qxf3 Ng5 24. Qg2 Qf5 25. Qf1 Nh3+ 26.
Kg2 Qc8 27. Qe2 Rg6 28. Qe4 Ng5 29. Qd5 Qf5 30. Nf3 Qxd3 31. Nxd4 Ne6 32.
Nxe6 Qc2+ 33. Kg1 Rgxe6 34. Rec1 Qa2 35. Qxb7 e4 36. Qd5 Rh6 37. h4 Rg6 0-1

[Event "Olympiad Women 2024"]
[Site "Budapest HUN"]
[Date "2024.09.18"]
[Round "7.12"]
[White "Houska, Jovanka"]
[Black "Berzina, Ilze"]
[Result "1-0"]
[WhiteElo "2333"]
[BlackElo "2200"]
[TimeControl "40/5400+30:1800+30\""]
[EventDate "2024.09.11"]
[Board "2"]
[WhiteFideId "405094"]
[BlackFideId "11601345"]
[WhiteTeam "England"]
[BlackTeam "Latvia"]

1. Nf3 d5 2. g3 Bg4 3. Bg2 Nd7 4. c4 c6 5. cxd5 cxd5 6. h3 Bh5 7. Qb3 Qc7
8. Nc3 e6 9. d4 a6 10. O-O Ngf6 11. e4 dxe4 12. Ng5 Be7 13. Bf4 Qb6 14.
Ngxe4 O-O 15. Nxf6+ Bxf6 16. Qxb6 Nxb6 17. Bd6 Rfe8 18. Bc5 Nc4 19. b3 Nd2
20. Rfd1 Bxd1 21. Rxd1 Rac8 22. Na4 Red8 23. Bxb7 Bxd4 24. Be7 Ba7 25. Kg2
Rb8 26. Bxd8 Rxd8 27. Bxa6 Rd4 28. Nc3 Bb6 29. b4 f5 30. Nb5 Rd5 31. a4 f4
32. gxf4 g5 33. Nc3 Rd4 34. fxg5 Bd8 35. h4 h6 36. Nb1 Nb3 37. Rxd4 Nxd4
38. gxh6 Kh7 39. Kh3 Kxh6 40. Nd2 Kh5 41. Ne4 Be7 42. b5 Bd8 43. Bc8 Bb6
44. f4 Bc7 45. Ng3+ Kg6 46. Kg4 Kf6 47. Ne4+ Ke7 48. Ng5 Kf6 49. h5 e5 50.
Ne4+ Kg7 51. f5 Bd8 52. Bd7 Kh6 53. f6 Nb3 54. f7 Be7 55. b6 Na5 56. Be6
Kg7 57. Bd5 1-0

[Event "Olympiad Women 2024"]
[Site "Budapest HUN"]
[Date "2024.09.18"]
[Round "7.12"]
[White "Krumina, Linda"]
[Black "Hunt, Harriet V"]
[Result "0-1"]
[WhiteElo "2091"]
[BlackElo "2304"]
[TimeControl "40/5400+30:1800+30\""]
[EventDate "2024.09.11"]
[Board "3"]
[WhiteFideId "11601701"]
[BlackFideId "403512"]
[WhiteTeam "Latvia"]
[BlackTeam "England"]

1. d4 Nf6 2. Nf3 e6 3. e3 b6 4. Bd3 Bb7 5. O-O g6 6. c4 Bg7 7. Nc3 O-O 8.
e4 d6 9. h3 Nbd7 10. Bg5 h6 11. Be3 e5 12. d5 Nh5 13. Qd2 Kh7 14. g4 Qf6
15. gxh5 Qxf3 16. hxg6+ fxg6 17. Kh2 Qh5 18. Be2 Qh4 19. Rg1 Rxf2+ 20. Bxf2
Qxf2+ 21. Kh1 Rf8 22. Raf1 Qh4 23. Qe3 Nf6 24. Kh2 h5 25. Qg3 Qxg3+ 26.
Kxg3 Bh6 27. Kg2 a6 28. Rf3 Bf4 29. Bd3 g5 30. Ne2 Kh6 31. Nxf4 exf4 32. h4
Bc8 33. Kf1 Bg4 34. Rf2 Re8 35. hxg5+ Kxg5 36. Re2 Nd7 37. b3 Ne5 38. Bc2
f3 39. Re3 Kf4 40. Rc3 h4 41. Bd1 Rh8 42. Kf2 h3 43. b4 h2 44. Rh1 Rh3 45.
c5 bxc5 46. bxc5 dxc5 47. Bc2 c4 48. Ra3 Bc8 49. Rc3 Ng4+ 50. Kf1 Kg3 51.
Bd1 Ne5 52. Be2 Rh4 0-1

[Event "Olympiad Women 2024"]
[Site "Budapest HUN"]
[Date "2024.09.18"]
[Round "7.12"]
[White "Toma, Katarzyna"]
[Black "Vidruska, Renate"]
[Result "1/2-1/2"]
[WhiteElo "2184"]
[BlackElo "2035"]
[TimeControl "40/5400+30:1800+30\""]
[EventDate "2024.09.11"]
[Board "4"]
[WhiteFideId "1119907"]
[BlackFideId "11601841"]
[WhiteTeam "England"]
[BlackTeam "Latvia"]

1. e4 e5 2. Nf3 Nc6 3. Bb5 a6 4. Bxc6 dxc6 5. O-O Bd6 6. d4 exd4 7. Qxd4 f6
8. Be3 Ne7 9. Nbd2 Ng6 10. Nc4 Qe7 11. Nxd6+ cxd6 12. Rad1 O-O 13. Qxd6
Qxe4 14. Bc5 Qxc2 15. Nh4 Re8 16. Rde1 Bg4 17. Rc1 Qe2 18. Nxg6 hxg6 19. h3
Bf5 20. Qd4 Rad8 21. Qb4 Qb5 22. Qxb5 axb5 23. Rfe1 Kf7 24. b4 Be6 25. a3
Rd3 26. Re3 Rxe3 27. Bxe3 Ra8 28. Rc3 Bc4 29. Bc5 Rd8 30. a4 Rd1+ 31. Kh2
Rd3 1/2-1/2

[Event "Olympiad Women 2024"]
[Site "Budapest HUN"]
[Date "2024.09.18"]
[Round "7.13"]
[White "Narva, Mai"]
[Black "Atalik, Ekaterina"]
[Result "0-1"]
[WhiteElo "2420"]
[BlackElo "2381"]
[TimeControl "40/5400+30:1800+30\""]
[EventDate "2024.09.11"]
[Board "1"]
[WhiteFideId "4500512"]
[BlackFideId "4130189"]
[WhiteTeam "Estonia"]
[BlackTeam "Turkiye"]

1. d4 d5 2. Nf3 Nf6 3. e3 e6 4. Bd3 Bd6 5. b3 O-O 6. Bb2 b6 7. O-O Bb7 8.
Nbd2 Ne4 9. c4 Nd7 10. a3 a5 11. Qc2 f5 12. Rac1 Qe7 13. cxd5 exd5 14. Bb5
Ndf6 15. Ne5 Rac8 16. a4 c5 17. Qd3 Nxd2 18. Qxd2 Ne4 19. Qe2 Bxe5 20. dxe5
Ng5 21. f4 Ne6 22. Rcd1 Rc7 23. Rd2 g5 24. fxg5 Qxg5 25. Rf3 Kh8 26. Rg3
Qh4 27. Bd3 c4 28. bxc4 dxc4 29. Bc2 c3 30. Bxc3 Rxc3 31. Rd7 Be4 32. Bd1
Rc7 33. Rxc7 Nxc7 34. Qb2 Ne6 35. Qxb6 f4 36. exf4 Qxf4 37. Bf3 Qc1+ 38.
Kf2 Qd2+ 39. Kg1 Qe1# 0-1

[Event "Olympiad Women 2024"]
[Site "Budapest HUN"]
[Date "2024.09.18"]
[Round "7.13"]
[White "Yildiz Kadioglu, Betul Cemre"]
[Black "Olde, Margareth"]
[Result "1/2-1/2"]
[WhiteElo "2314"]
[BlackElo "2135"]
[TimeControl "40/5400+30:1800+30\""]
[EventDate "2024.09.11"]
[Board "2"]
[WhiteFideId "6302920"]
[BlackFideId "4503082"]
[WhiteTeam "Turkiye"]
[BlackTeam "Estonia"]

1. d4 d5 2. c4 e6 3. Nf3 Nf6 4. g3 Bb4+ 5. Bd2 Be7 6. Bg2 O-O 7. O-O c6 8.
Qc2 Nbd7 9. Bf4 b6 10. cxd5 cxd5 11. Rc1 Bb7 12. Qb3 Rc8 13. Rxc8 Qxc8 14.
Nc3 a6 15. Rc1 Qa8 16. Na4 b5 17. Nc5 Nxc5 18. dxc5 Ne4 19. Be3 Rc8 20. Qb4
Qb8 21. Ne1 e5 22. Bxe4 dxe4 23. Rd1 Qc7 24. Qc3 h6 25. b4 Kh7 26. Ng2 Rf8
27. Bc1 Rd8 28. Qb3 f5 29. Ne3 Rxd1+ 30. Qxd1 Qc8 31. Qb3 f4 32. Qf7 fxe3
33. Qxe7 exf2+ 34. Kxf2 Qf5+ 35. Ke1 e3 36. Bxe3 Qe4 37. Kf2 Qg2+ 38. Ke1
Qe4 39. Kf2 Qg2+ 40. Ke1 Qh1+ 41. Kd2 Qd5+ 42. Ke1 Qh1+ 43. Kd2 Qd5+ 44.
Ke1 Qh1+ 1/2-1/2

[Event "Olympiad Women 2024"]
[Site "Budapest HUN"]
[Date "2024.09.18"]
[Round "7.13"]
[White "Narva, Triin"]
[Black "Ozturk Orenli, Kubra"]
[Result "1/2-1/2"]
[WhiteElo "2066"]
[BlackElo "2262"]
[TimeControl "40/5400+30:1800+30\""]
[EventDate "2024.09.11"]
[Board "3"]
[WhiteFideId "4502680"]
[BlackFideId "6302599"]
[WhiteTeam "Estonia"]
[BlackTeam "Turkiye"]

1. e4 e5 2. Nf3 Nc6 3. Bb5 a6 4. Ba4 Nf6 5. Nc3 Bd6 6. d3 h6 7. O-O O-O 8.
Re1 Re8 9. Ne2 b5 10. Bb3 Na5 11. c3 Nxb3 12. Qxb3 c5 13. Ng3 Bb7 14. c4
Bc6 15. Bd2 Bf8 16. Rad1 d6 17. Qc2 b4 18. h3 g6 19. Nh2 Bg7 20. Rf1 Ra7
21. f4 exf4 22. Bxf4 Kh7 23. Nf3 Re6 24. Rfe1 Qe8 25. Qf2 Rae7 26. Nf1 Nh5
27. Bc1 Nf6 28. g4 Nd7 29. Ne3 Ne5 30. Nxe5 Bxe5 31. Qh4 Bf6 32. Qg3 Bd4
33. Rf1 Qh8 34. g5 Qe5 35. Qxe5 Rxe5 36. Kh2 hxg5 37. Ng4 f5 38. Nf6+ Kg7
39. Bxg5 fxe4 40. h4 exd3 41. Ng4 Re2+ 42. Kg3 Re8 43. Rxd3 Rg2+ 44. Kh3
Rxb2 45. Bh6+ Kg8 46. Rf4 Bd7 47. Rdf3 Bf5 48. h5 gxh5 49. Rxf5 hxg4+ 50.
Kxg4 Rg2+ 51. Kh3 Rg6 52. Bf4 Kg7 53. Bg5 Rh8+ 54. Kg4 Rh1 55. Rf7+ Kg8 56.
Rf8+ Kh7 57. Kf5 Be5 58. Be3 Bg7 59. Rf7 Rh5+ 60. Ke4 Kg8 61. Ra7 Re6+ 62.
Kd3 d5 63. Rg3 dxc4+ 64. Kxc4 Kh8 65. Raxg7 Rxe3 66. Rg8+ Kh7 67. R3g7+
1/2-1/2

[Event "Olympiad Women 2024"]
[Site "Budapest HUN"]
[Date "2024.09.18"]
[Round "7.13"]
[White "Aydin, Gulenay"]
[Black "Olde, Grete"]
[Result "1-0"]
[WhiteElo "2202"]
[BlackElo "1952"]
[TimeControl "40/5400+30:1800+30\""]
[EventDate "2024.09.11"]
[Board "4"]
[WhiteFideId "34557431"]
[BlackFideId "4503104"]
[WhiteTeam "Turkiye"]
[BlackTeam "Estonia"]

1. e4 e5 2. Nf3 Nc6 3. Nc3 Nf6 4. Bb5 Bc5 5. O-O d6 6. d4 exd4 7. Nxd4 Bd7
8. Bxc6 bxc6 9. Bg5 h6 10. Bh4 g5 11. Bg3 O-O 12. h3 Qb8 13. Nb3 Bb4 14.
Qf3 Bxc3 15. bxc3 Qd8 16. Rad1 d5 17. exd5 g4 18. Qf4 Nxd5 19. Qxh6 Nxc3
20. Be5 Ne2+ 21. Kh2 f6 22. Qg6+ Kh8 23. Nc5 fxe5 24. Rxd7 Qxd7 25. Nxd7
g3+ 26. fxg3 Rxf1 27. Nf6 Rxf6 28. Qxf6+ Kg8 29. Qxe5 1-0

[Event "Olympiad Women 2024"]
[Site "Budapest HUN"]
[Date "2024.09.18"]
[Round "7.14"]
[White "Injac, Teodora"]
[Black "Alinasab, Mobina"]
[Result "1-0"]
[WhiteElo "2425"]
[BlackElo "2336"]
[TimeControl "40/5400+30:1800+30\""]
[EventDate "2024.09.11"]
[Board "1"]
[WhiteFideId "932400"]
[BlackFideId "12528897"]
[WhiteTeam "Serbia"]
[BlackTeam "Iran"]

1. d4 Nf6 2. Nf3 e6 3. Bf4 d5 4. e3 c5 5. Nbd2 Nc6 6. c3 Bd6 7. Bg3 O-O 8.
Bd3 b6 9. e4 Be7 10. e5 Nd7 11. h4 h6 12. a3 a5 13. Qe2 c4 14. Bb1 b5 15.
Bf4 f6 16. exf6 Nxf6 17. Ne5 Nxe5 18. Bxe5 Nd7 19. Bxg7 Kxg7 20. Qg4+ Kh8
21. Qg6 Rf5 22. Qxh6+ Kg8 23. Rh3 Nf8 24. Rg3+ Kf7 25. Bxf5 exf5 26. Rg7+
Ke8 27. Qh5+ Kd7 28. Qxf5+ Kc6 29. Qh5 Ne6 30. Rg6 Bd6 31. g3 Bd7 32. Qe2
Qe8 33. h5 Nf8 34. Rh6 Qf7 35. Nf3 Qg7 36. Ne5+ Kc7 37. Qe3 Be7 38. Nxd7
Bg5 39. Nxf8 Qxf8 40. Qxg5 Re8+ 41. Kf1 1-0

[Event "Olympiad Women 2024"]
[Site "Budapest HUN"]
[Date "2024.09.18"]
[Round "7.14"]
[White "Azali, Tannaz"]
[Black "Gajcin, Marina"]
[Result "0-1"]
[WhiteElo "2125"]
[BlackElo "2253"]
[TimeControl "40/5400+30:1800+30\""]
[EventDate "2024.09.11"]
[Board "2"]
[WhiteFideId "12537721"]
[BlackFideId "949086"]
[WhiteTeam "Iran"]
[BlackTeam "Serbia"]

1. d4 Nf6 2. c4 e6 3. Nc3 Bb4 4. Bd2 O-O 5. Nf3 b6 6. e3 d5 7. cxd5 exd5 8.
Bd3 Re8 9. Rc1 Ba6 10. Bxa6 Nxa6 11. Ne5 Bd6 12. f4 Bb4 13. Qe2 Qc8 14. O-O
c5 15. Nb5 Bxd2 16. Qxd2 Ne4 17. Qd1 Qb7 18. f5 f6 19. Nd3 Qd7 20. Nc3 c4
21. Ne1 Nc7 22. g4 Nxc3 23. Rxc3 Nb5 24. Ng2 Nxc3 25. bxc3 Re4 26. Qf3 Rae8
27. h4 h6 28. Rf2 Qd6 29. Re2 Qa3 30. Rc2 Qe7 31. Re2 b5 32. Kf2 a5 33. Nf4
Qd6 34. Qg3 b4 35. cxb4 axb4 36. Ne6 Qxg3+ 37. Kxg3 c3 38. Kf3 Rc8 39. Rc2
h5 40. gxh5 Rxh4 41. Nf4 Rd8 42. Ne6 Ra8 43. Nf4 Rh1 44. Nxd5 Rb1 45. Nf4
Rb2 46. Rc1 Raxa2 47. Nd3 Rd2 48. Nxb4 Rab2 49. Nd5 c2 50. Nc3 Rb3 51. Ne4
Rb1 0-1

[Event "Olympiad Women 2024"]
[Site "Budapest HUN"]
[Date "2024.09.18"]
[Round "7.14"]
[White "Velikic, Adela"]
[Black "Karimi, Setayesh"]
[Result "0-1"]
[WhiteElo "2260"]
[BlackElo "2105"]
[TimeControl "40/5400+30:1800+30\""]
[EventDate "2024.09.11"]
[Board "3"]
[WhiteFideId "913553"]
[BlackFideId "22555293"]
[WhiteTeam "Serbia"]
[BlackTeam "Iran"]

1. d4 Nf6 2. c4 e6 3. Nf3 Bb4+ 4. Nbd2 Qe7 5. g3 O-O 6. Bg2 d6 7. O-O Bxd2
8. Qxd2 e5 9. e3 e4 10. Ne1 c6 11. b3 d5 12. a4 Re8 13. Ba3 Qd8 14. Nc2 h5
15. Rfc1 h4 16. Ne1 hxg3 17. hxg3 Ng4 18. Ra2 a5 19. Qc3 Be6 20. Rb2 Qg5
21. cxd5 Bxd5 22. b4 Qh5 23. bxa5 Qh2+ 24. Kf1 Re6 25. Rcc2 Rf6 26. Re2 Bc4
27. Qxc4 Rxf2+ 28. Rxf2 Nxe3+ 29. Ke2 Nxc4 30. Rb3 Qh5+ 31. Kf1 e3 32. Bf3
Qh3+ 33. Bg2 Qxg3 34. Rf3 Nd2+ 35. Ke2 Nxf3 36. Rxe3 Qxe1+ 37. Kxf3 Qd1+
0-1

[Event "Olympiad Women 2024"]
[Site "Budapest HUN"]
[Date "2024.09.18"]
[Round "7.14"]
[White "Behzad Nazif, Parva"]
[Black "Eric, Jovana"]
[Result "1-0"]
[WhiteElo "2092"]
[BlackElo "2162"]
[TimeControl "40/5400+30:1800+30\""]
[EventDate "2024.09.11"]
[Board "4"]
[WhiteFideId "12563790"]
[BlackFideId "938238"]
[WhiteTeam "Iran"]
[BlackTeam "Serbia"]

1. d4 Nf6 2. Nf3 e6 3. g3 c5 4. Bg2 Qa5+ 5. c3 cxd4 6. Nxd4 d5 7. O-O Be7
8. Nb3 Qd8 9. c4 a5 10. cxd5 a4 11. Nd4 Nxd5 12. e4 Nb6 13. Nc3 O-O 14.
Ndb5 Bd7 15. Qe2 Bc6 16. Rd1 N8d7 17. Bf4 Ra5 18. Rac1 Bc5 19. Bd6 Bxd6 20.
Nxd6 Qe7 21. b4 axb3 22. axb3 Ra3 23. b4 Ba4 24. Nxa4 Nxa4 25. Qc2 Nc3 26.
Rd3 Ne5 27. Rd2 Na2 28. Rb1 Rfa8 29. Nc8 Qf8 30. Nb6 Nxb4 31. Qc7 Ra1 32.
Rdd1 Rxb1 33. Rxb1 Na6 34. Qxe5 Rd8 35. h4 Nb4 36. Qc3 Nc6 37. e5 Nd4 38.
Qc4 Nf5 39. Bxb7 Qa3 40. Qb3 Qc5 41. Qb5 Qc2 42. Nc4 Nd4 43. Qb6 Rb8 44.
Ne3 Qc3 45. Rd1 Ne2+ 46. Kf1 1-0

[Event "Olympiad Women 2024"]
[Site "Budapest HUN"]
[Date "2024.09.18"]
[Round "7.15"]
[White "Pham, Le Thao Nguyen"]
[Black "Movsesian, Julia"]
[Result "1-0"]
[WhiteElo "2380"]
[BlackElo "2198"]
[TimeControl "40/5400+30:1800+30\""]
[EventDate "2024.09.11"]
[Board "1"]
[WhiteFideId "12401226"]
[BlackFideId "4139690"]
[WhiteTeam "Vietnam"]
[BlackTeam "Czech Republic"]

1. d4 d5 2. c4 e6 3. Nc3 Nf6 4. Bg5 Nbd7 5. e3 Bb4 6. Rc1 c5 7. cxd5 exd5
8. Bxf6 Nxf6 9. Bb5+ Bd7 10. Bxd7+ Qxd7 11. dxc5 Rc8 12. Ne2 O-O 13. O-O
Bxc5 14. Qa4 Qe7 15. Qh4 Qe5 16. Rfd1 Rfd8 17. Qg3 Qh5 18. Qf3 Qe5 19. Nf4
Bf8 20. Rd4 Ne4 21. Nfxd5 Rxd5 22. Rxe4 Qd6 23. Re8 Rc6 24. g3 Rd2 25. Rb1
Qd3 26. Qe4 Qd7 27. Qe5 Rc8 28. Rxc8 Qxc8 29. Ne4 Rc2 30. a4 h6 31. b3 Qd7
32. Rf1 Qd3 33. Qe8 Qxb3 34. Rd1 Rc8 35. Qd7 Rc7 36. Qd8 Qxa4 37. Rd4 Qc6
38. h4 Re7 39. Nd2 Re8 40. Qa5 b5 41. Qxa7 b4 42. Qd7 Qxd7 43. Rxd7 Rc8 44.
Rb7 Rc2 45. Nb3 Rc3 46. Nd4 Bc5 47. Ne2 Rd3 48. Kg2 g6 49. Rb5 Bf8 50. Nd4
Rc3 51. Kf3 Bc5 52. Ne2 Rc2 53. Nf4 Bd6 54. Ne2 Bc5 55. g4 Bd6 56. Nd4 Rc1
57. h5 Rc5 58. hxg6 fxg6 59. Rb6 Rd5 60. Ke4 Re5+ 61. Kd3 Bc5 62. Rxg6+ Kh7
63. Rc6 Bxd4 64. exd4 Rb5 65. Rc2 Kg6 66. f3 Rb8 67. Rb2 Kg5 68. Rb3 Kf4
69. Kc4 Rb7 70. Kc5 Rb8 71. Rxb4 Rc8+ 72. Kd6 Kxf3 73. d5 1-0